| 000 | 00435nam a2200157 4500 | ||
|---|---|---|---|
| 001 | 121492 | ||
| 003 | ES-MaACL | ||
| 007 | t| | ||
| 008 | 070214s1983 sp r ||||1| spa d | ||
| 100 | 1 |
_aPlanas Mestres, José. _992529 |
|
| 245 | 1 | 0 |
_aElementos de biología / _cJosé Planas Mestres. |
| 250 | _a3ª ed. | ||
| 260 |
_aBarcelona : _bOmega, _c1983. |
||
| 300 |
_aIX, 570 p. : _bil. ; _c25 cm. |
||
| 852 |
_aES-MaACL _jL-5342 _bR.105784 |
||
| 999 |
_c121492 _d121492 |
||